Les Ballons d'Or Féminins - Statistiques

Statistiques générales
  • Ce quiz a été pris 19 fois
  • Le résultat moyen est 5 sur 6
Statistiques - réponses
Par images Hint Réponse % Correct
Espagnole Alexia Putellas
100%
Espagnole Alexia Putellas
95%
Espagnole Aitana Bonmati
89%
Espagnole Aitana Bonmati
89%
Américaine Megan Rapinoe
84%
Norvégienne Ada Hegerberg
74%
Aucun quiz correspondant
Distribution des résultats
% des personnes avec chaque résultat
Percentile par nombre de réponses
Votre historique - résultats
Vous n’avez pas pris ce quiz